All Total Drama Characters Quiz Stats

 Plays Quiz not verified by Sporcle

Challenge
Share
Tweet
Embed
Score 0/56 Timer 15:00
0 Plays Today
Description Character % Correct
BracesBeth
98.6%
Surfer ChickBridgette
95.8%
A-Type CITCourtney
94.4%
Mama's boyDJ
94.4%
Bad-boyDuncan
94.4%
Silent GeniusB
93%
Female Weight LifterEva
93%
Party guyGeoff
93%
GothGwen
93%
Beat Boxing NerdHarold
93%
Mean GirlHeather
93%
CrazyIzzy
93%
Mean TwinAmy
91.5%
Bubble BoyCameron
91.5%
Little Brother TypeCody
91.5%
Male ModelJustin
91.5%
WomanizerAlejandro
90.1%
Miliary KidBrick
90.1%
Intense Hairspray UserAnne Maria
88.7%
Rich Girl turned MutantDakota
88.7%
Home SchoolEzekiel
88.7%
Fart MachineOwen
88.7%
Guitar playerTrent
88.7%
HostChris
88.7%
Female JockJo
87.3%
Host's SidekickChef
87.3%
Singing PrincessElla
85.9%
Big Loud SistaLeshawna
85.9%
Description Character % Correct
Dumb BlondeLindsay
85.9%
Multiple PersonalitiesMike
85.9%
White JockTyler
85.9%
Celebrity Manhunt Female HostBlaineley
84.5%
EnvironmentalistDawn
84.5%
Black JockLightning
84.5%
Kissed a GuyNoah
84.5%
GamerSam
84.5%
Maker of annoying soundsBeardo
83.1%
AustralianJasmine
83.1%
Chubby Best FriendSadie
83.1%
Blogger and StalkerSierra
83.1%
Wannabe ChrisTopher
80.3%
Timid Girl turned Power houseZoey
80.3%
WizardLeonard
80.3%
Tall Best FriendKatie
78.9%
Dirt BoyScott
78.9%
ZOMBIES!!!Shawn
78.9%
Pageant ChampSugar
78.9%
Timid TwinSamey
77.5%
Smarty Pants turned Evil GeniusScarlett
77.5%
GermophobeDave
76.1%
Evil GeniusMax
76.1%
Love sick GiantRodney
74.6%
Annoying Staci
74.6%
OlympianSky
74.6%
Celebrity Man Hunt male HostJosh
71.8%
Only non living contestantMr. Coconut
66.2%

You're not logged in!

Compare scores with friends on all Sporcle quizzes.
OR
Log In

You Might Also Like...

Show Comments

Extras

Top Quizzes Today


Score Distribution

Your Account Isn't Verified!

In order to create a playlist on Sporcle, you need to verify the email address you used during registration. Go to your Sporcle Settings to finish the process.

Report this User

Report this user for behavior that violates our Community Guidelines.

Details: